Formal sociology : the sociology of Georg Simmel

Αποθηκεύτηκε σε:
Λεπτομέρειες βιβλιογραφικής εγγραφής
Άλλοι συγγραφείς: Ray, Larry J.
Μορφή: Βιβλίο
Γλώσσα:English
Δημοσίευση: Aldershot : Edward Elgar, c1991
Σειρά:Schools of thought in sociology ; ; 6
Θέματα:
Ετικέτες: Προσθήκη ετικέτας
Δεν υπάρχουν, Καταχωρήστε ετικέτα πρώτοι!

MARC

LEADER 00000nam a2200000 i 4500
001 1/15689
008 980710s1991 eng d
020 |a 1-85278-298-6 
035 |l 10019923 
040 |a GR-MY-UA  |b gre  |e aacr 
041 0 |a eng 
082 0 |a 301.0943 
245 1 0 |a Formal sociology :  |b the sociology of Georg Simmel /  |c Edited by Larry Ray 
260 |a Aldershot :   |b Edward Elgar,   |c c1991 
300 |a 358 p. 
490 1 |a Schools of thought in sociology  |v ; 6 
504 |a Includes index 
600 1 0 |a Simmel, Georg,   |d 1858-1918. 
650 0 0 |a Sociology  |z Germany  |x History. 
650 0 0 |a Sociology  |x Methodology  |x History. 
650 0 0 |a Sociology  |x Philosophy  |x History. 
700 1 |a Ray, Larry J. 
830 0 |a Schools of thought in sociology ;  |v ; 6 
852 |a INST  |b LESVOS  |e 19980710  |h 301.0943 FOR  |p 005100013799  |q 005100013799  |t BK  |y 0 
901 |a BIBL-1998-2 
909 |a Λ  |b 044146 
922 |a 1ΔΩΡ  |b 199602  |c ΤΚΑ